Statistics for Субјекти Руске Федерације

Click here to take the quiz!

General Stats

  • This quiz has been taken 365 times
  • The average score is 37 of 85

Answers on the Map

Answers color-coded by a green-red scale on the quiz's map according to % correct below.
 

Answer Stats

TypeFederal Subject% Correct
ОбластПодмосковље
97%
Федерални ГрадМосква
96%
РепубликаКрим
76%
РепубликаЧеченија
72%
Федерални ГрадСанкт Петербург
71%
ПокрајинаКамчатка
65%
РепубликаЈакутија / Саха
60%
Федерални ГрадСевастопољ
60%
РепубликаДагестан
57%
ОбластКалињинградска
57%
ОбластВолгоградска
55%
ОбластРостовска
54%
ОбластНовосибирска
54%
ПокрајинаКраснодарска
53%
РепубликаТатарстан
53%
РепубликаКарелија
52%
Аутономна ОбластЈеврејска
49%
ОбластМурманска
48%
ОбластЛењинградска
48%
РепубликаСеверна Осетија-Аланија
48%
ОбластСахалинска
46%
РепубликаТува
46%
ОбластТулска
46%
ОбластВладимирска
45%
ОбластОмска
45%
ПокрајинаАлтајска
45%
РепубликаАлтај
45%
ОбластНовгородска
45%
ПокрајинаПермска
44%
РепубликаИнгушетија
44%
ОбластПсковска
43%
ОбластСамарска
43%
ОбластКурска
43%
ОбластАрхангелска
43%
ПокрајинаКраснојарска
43%
ОбластСмоленска
42%
ОбластВороњешка
42%
ОбластБелгородска
42%
РепубликаМариј Ел
41%
ПокрајинаПриморска
41%
РепубликаКалмикија
41%
РепубликаБурјатија
40%
ОбластНижегородска
40%
РепубликаКомија
40%
ОбластИркутска
40%
ОбластТверска
40%
ОбластАмурска
40%
Аутономни ОкругЧукотка
40%
ОбластУљановска
39%
ОбластТомска
39%
РепубликаАдигеја
39%
РепубликаКабардино-Балкарија
39%
ПокрајинаСтавропољска
39%
ОбластАстраханска
39%
РепубликаМордовија
39%
РепубликаБашкортостан
39%
РепубликаУдмуртија
38%
ОбластВологодска
37%
ОбластСаратовска
37%
ОбластЈарославска
37%
ОбластОренбуршка
37%
ОбластМагаданска
36%
РепубликаЧувашија
36%
РепубликаКарачајево-Черкезија
36%
ПокрајинаХабаровска
36%
Аутономни ОкругНенеција
35%
ОбластТјуменска
35%
ПокрајинаЗабајкалска
35%
ОбластПензенска
35%
ОбластКалушка
35%
ОбластОрловска
35%
ОбластЧељабинска
35%
ОбластИвановска
34%
Аутономни ОкругЈамалија
34%
ОбластКемеровска
34%
РепубликаХакасија
34%
Аутономни ОкругХантија-Мансија
34%
ОбластЛипецка
33%
ОбластТамбовска
33%
ОбластКировска
33%
ОбластКостромска
33%
ОбластКурганска
33%
ОбластСвердловска
33%
ОбластБрјанска
30%
ОбластРјазањска
30%

Score Distribution

Percentile by Number Answered

Percent of People with Each Score

Your Score History

You have not taken this quiz